000 00955nam a22002537a 4500
005 20240530110525.0
008 160229s2012 ua g b 000 0 ara d
017 _a2012/23117
_bمصر . دار الكتب المصرية
020 _a9789774312576
040 _aEG-CaGPL
082 0 4 _221
_a658.4092\
_bع ق
100 0 _aعاطف عبدالله المكاوى
245 1 2 _aالقيادة الادارية /
_cتايف عاطف عبدالله المكاوى
250 _aط1
260 _aالقاهرة :
_bمؤسسة طيبة للنشر و التوزيع ،
_c2012 .
300 _a403 ص ؛
_c24 سم .
504 _aيشتمل على ارجاعات ببليوجرافية
650 0 4 _aالقيادة الادارية
650 0 4 _aالقيادة فى الاسلام
650 0 4 _aالقيادة فى المسيحية
650 0 4 _aالرقابة الادارية
942 _2ddc
_cBK
999 _c61968
_d61968